000 01209nam a2200229 a 4500
001 000707785
003 AM-YeHGA
005 20250617142652.0
008 100119s1985 ||| r 000 0 rus d
040 _aAM-YeHGA
041 0 _arus
245 0 0 _aТипоморфизм и геохимические особенности минералов эндогенных образований Якутии :
_bСборник научных трудов /
_cАН СССР, Сиб. отд-ние, Якут. фил., Ин-т геологии, Якут. отд-ние Всесоюз. минерал. о-ва; Редкол.: К.А. Лазебник (отв. ред.) и др.
260 _aЯкутск :
_bЯФ СО АН СССР,
_c1985.
300 _a149, 6 с. :
_b[2] л. диагр.; ил.
504 _aБиблиогр. в конце ст.
653 0 _aМинералы - Типоморфные свойства
653 0 _aГеохимия
700 1 _aЛазебник, К.А.
_eред.
_4edt
710 2 _aАкадемия наук СССР
_bСибирское отделение
_bЯкутский филиал
710 2 _aИнститут геологии СО АН СССР
090 _c263393
999 _c261774
_d261774